|
|
|
|
| LEADER |
04187nam a2200529 4500 |
| 001 |
978-3-030-22254-3 |
| 003 |
DE-He213 |
| 005 |
20191021191305.0 |
| 007 |
cr nn 008mamaa |
| 008 |
191001s2019 gw | s |||| 0|eng d |
| 020 |
|
|
|a 9783030222543
|9 978-3-030-22254-3
|
| 024 |
7 |
|
|a 10.1007/978-3-030-22254-3
|2 doi
|
| 040 |
|
|
|d GrThAP
|
| 050 |
|
4 |
|a QH573-671
|
| 072 |
|
7 |
|a PSF
|2 bicssc
|
| 072 |
|
7 |
|a SCI049000
|2 bisacsh
|
| 072 |
|
7 |
|a PSF
|2 thema
|
| 082 |
0 |
4 |
|a 571.6
|2 23
|
| 245 |
1 |
0 |
|a Human Cell Transformation
|h [electronic resource] :
|b Advances in Cell Models for the Study of Cancer and Aging /
|c edited by Johng S. Rhim, Anatoly Dritschilo, Richard Kremer.
|
| 250 |
|
|
|a 1st ed. 2019.
|
| 264 |
|
1 |
|a Cham :
|b Springer International Publishing :
|b Imprint: Springer,
|c 2019.
|
| 300 |
|
|
|a XIV, 244 p. 77 illus., 70 illus. in color.
|b online resource.
|
| 336 |
|
|
|a text
|b txt
|2 rdacontent
|
| 337 |
|
|
|a computer
|b c
|2 rdamedia
|
| 338 |
|
|
|a online resource
|b cr
|2 rdacarrier
|
| 347 |
|
|
|a text file
|b PDF
|2 rda
|
| 490 |
1 |
|
|a Advances in Experimental Medicine and Biology,
|x 0065-2598 ;
|v 1164
|
| 505 |
0 |
|
|a Mechanisms underlying metastatic pancreatic cancer -- Current Perspectives on Nasopharyngeal Carcinoma -- An in Vitro Model of Triple Negative Breast cancer -- Emerging role of novel biomarkers of Ly6 gene family in pan cancer -- The Oncoprotein Gankyrin/PSMD10 as a Target of Cancer Therapy -- Contributing roles of CYP2E1 and other cytochrome P450 isoforms in alcohol-related carcinogenesis -- Novel Human Prostate Epithelial Cell Cultures -- African American Prostate Normal and Cancer Cells for Health Disparities Research -- Assessing the Advantages, Limitations and Potential of Human Primary Prostate Epithelial Cells as a Pre-Clinical Model for Prostate Cancer Research -- Role of alternative splicing in prostate cancer aggressiveness and drug resistance in African Americans -- Research Article: Discovery of Metabolic Biomarkers Predicting Radiation Therapy Late Effects in Prostate Cancer Patients -- The Aging Skeleton -- Parathyroid Hormone Related Protein (PTHrP): an Emerging Target in Cancer Progression and Metastasis -- Targeting DNA hypomethylation in malignancy by epigenetic therapies -- Tumor Dormancy and Slow-Cycling Cancer Cells -- Resolution of Cellular Heterogeneity in Human Prostate Cancers: Implications for Diagnosis and Treatment -- Small molecule inhibition of glycogen synthase-kinase 3 in cancer immunotherapy.
|
| 520 |
|
|
|a This book, part contributed volume, part proceedings, discusses state-of-the-art advances on human cell transformation in cell models for the study of cancer and aging. Several of the chapters are from the Human Cell Transformation: Advances in Cell Models for the Study of Cancer and Aging conference that was held in June 2018 at McGill University. The authors represent international expertise on a wide variety of topics ranging from different types of cancer (prostate, bone, breast, etc.) to tumor microenvironment, tumor progression, homogeneity, and possible therapies and treatments.
|
| 650 |
|
0 |
|a Cell biology.
|
| 650 |
|
0 |
|a Cancer research.
|
| 650 |
|
0 |
|a Oncology .
|
| 650 |
1 |
4 |
|a Cell Biology.
|0 http://scigraph.springernature.com/things/product-market-codes/L16008
|
| 650 |
2 |
4 |
|a Cancer Research.
|0 http://scigraph.springernature.com/things/product-market-codes/B11001
|
| 650 |
2 |
4 |
|a Oncology.
|0 http://scigraph.springernature.com/things/product-market-codes/H33160
|
| 700 |
1 |
|
|a Rhim, Johng S.
|e editor.
|4 edt
|4 http://id.loc.gov/vocabulary/relators/edt
|
| 700 |
1 |
|
|a Dritschilo, Anatoly.
|e editor.
|4 edt
|4 http://id.loc.gov/vocabulary/relators/edt
|
| 700 |
1 |
|
|a Kremer, Richard.
|e editor.
|4 edt
|4 http://id.loc.gov/vocabulary/relators/edt
|
| 710 |
2 |
|
|a SpringerLink (Online service)
|
| 773 |
0 |
|
|t Springer eBooks
|
| 776 |
0 |
8 |
|i Printed edition:
|z 9783030222536
|
| 776 |
0 |
8 |
|i Printed edition:
|z 9783030222550
|
| 776 |
0 |
8 |
|i Printed edition:
|z 9783030222567
|
| 830 |
|
0 |
|a Advances in Experimental Medicine and Biology,
|x 0065-2598 ;
|v 1164
|
| 856 |
4 |
0 |
|u https://doi.org/10.1007/978-3-030-22254-3
|z Full Text via HEAL-Link
|
| 912 |
|
|
|a ZDB-2-SBL
|
| 950 |
|
|
|a Biomedical and Life Sciences (Springer-11642)
|